ছেলেদের মহাভারত / (Record no. 1349)
[ view plain ]
| 000 -LEADER | |
|---|---|
| fixed length control field | 00742nam a2200229 a 4500 |
| 001 - CONTROL NUMBER | |
| JCCL Control Number | 1349 |
| 003 - CONTROL NUMBER IDENTIFIER | |
| JCCL marc code | BD-JhCC |
| 005 - DATE AND TIME OF LATEST TRANSACTION | |
| control field | 20200212134008.0 |
| 008 - FIXED-LENGTH DATA ELEMENTS--GENERAL INFORMATION | |
| fixed length control field | 171018s1995 bg | ||| |||| 00| 0 ben d |
| 020 ## - INTERNATIONAL STANDARD BOOK NUMBER | |
| International Standard Book Number | 9841801418 |
| 035 ## - SYSTEM CONTROL NUMBER | |
| system control number | (BD-JhCC)1349 |
| 040 ## - CATALOGING SOURCE | |
| Original cataloging agency | BD-JhCC |
| Modifying agency | BD-JhCC |
| 041 ## - LANGUAGE CODE | |
| Language code of Book | ben |
| 082 ## - DEWEY DECIMAL CLASSIFICATION NUMBER | |
| Classification number | 294.5923 |
| Author mark and Year | ROY 1995 |
| 100 ## - MAIN ENTRY--PERSONAL NAME | |
| Personal name | রায়চৌধুরী, উপেন্দ্রকিশোর |
| 245 ## - TITLE STATEMENT | |
| Title | ছেলেদের মহাভারত / |
| Statement of responsibility, etc | উপেন্দ্রকিশোর রায়চৌধুরী |
| 260 ## - PUBLICATION, DISTRIBUTION, ETC. (IMPRINT) | |
| Place of publication, distribution, etc | ঢাকা : |
| Name of publisher, distributor, etc | বিশ্বসাহিত্য কেন্দ্র, |
| 300 ## - PHYSICAL DESCRIPTION | |
| Pagination | 214 . p : |
| Dimensions | 21 cm. |
| 650 ## - SUBJECT ADDED ENTRY--TOPICAL TERM | |
| Topical term or geographic name as entry element | Mahabharat |
| 942 ## - ADDED ENTRY ELEMENTS (KOHA) | |
| Source of classification or shelving scheme | Dewey Decimal Classification |
| Koha item type | Books |
| Koha issues (borrowed), all copies | 4 |
| Source of classification or shelving scheme | Damaged status | Not for loan | Home library | Current library | Shelving location | Date of accession | Source of acquisition | Cost, normal purchase price | Total Checkouts | Full call number | Barcode | Date last seen | Date checked out | Copy number | Koha item type |
|---|---|---|---|---|---|---|---|---|---|---|---|---|---|---|---|
| Dewey Decimal Classification | JCC Rouf Library | JCC Rouf Library | General Stacks | 10/18/2017 | IPDC | 250.00 | 2 | 294.5923 ROY 1995 | 2256 | 03/24/2020 | 02/11/2020 | C-1 | Books |